| 000 | 00549cam a2200181ua 4500 | ||
|---|---|---|---|
| 020 |
_a0 07 099283 5 _c140.00 |
||
| 041 |
_aeng _h |
||
| 082 |
_a697.93 _bELO/ST |
||
| 100 | _aElonka, Stephen M . | ||
| 245 |
_aStandard refrigeration and air conditioning:questions and answers / _cStephen M Elonka. _hTextual Documents |
||
| 260 |
_aNew Delhi : _bTata Mc-Graw Hill Publishing Company , _c1996. |
||
| 300 |
_a427 : _b506 ; . |
||
| 365 | _a140.00 | ||
| 504 | _a | ||
| 700 | 1 | _aMinich, Quard W . | |
| 942 | _cBK | ||
| 999 |
_c10541 _d10541 |
||